00723nam a2200181Ia 4500001000700000003000500007008004100012010001100053040000900064100003600073245010500109260012100214300001000335440000500345500000500350503000500355650018100360Z_2024CHAP220113s1998 xx 000 0 und d a165097 cCHAP aHerradora Lozano, Marco Antonio aAlimentación animal : cerdos /cpor Marco Antonio Herradora Lozano y Susana Espinosa Hernández aMéxico, D. F. :bUniversidad Nacional Autónoma de México. Facultad de Medicina Veterinaria y Zootecnia,c1998 a42 p. a a a aGanado porcinoxAlimentos y alimentación I. Espinosa Hernández, Susana II. t. III. Universidad Nacional Autónoma de México, Facultad de Medicina Veterinaria y Zootecnia